[Event "21st OIBM 2017"]
[Site "Tegernsee GER"]
[Date "2017.11.03"]
[Round "7.16"]
[White "Tonndorf,M"]
[Black "Andersson,U"]
[Result "1/2-1/2"]
[WhiteElo "2285"]
[BlackElo "2523"]

1.e4 c5 2.Nf3 g6 3.c3 Bg7 4.d4 cxd4 5.cxd4 d5 6.exd5 Nf6 7.Nc3 Nxd5 8.Qb3 Nxc3
9.bxc3 O-O 10.Be2 Nc6 11.O-O Qc7 12.Bg5 b6 13.Qa3 e6 14.Bh4 Bb7 15.Bg3 Qd7
16.Rfd1 Rfd8 17.Rac1 Rac8 18.h3 Qe7 19.Qa4 Bf6 20.Bf1 a6 21.Qb3 b5 22.Qb1 b4
23.cxb4 Nxb4 24.Rxc8 Rxc8 25.Ne5 Nd5 26.Rd3 a5 27.Rb3 Ba8 28.Rb8 Qe8 29.Rxc8 Qxc8
30.Qb5 Qd8 31.Qa6 Ne7 32.Qa7 Bc6 33.Qc5 Be8 34.Bb5 Bxb5 35.Qxb5 Nf5 36.Qb7 Qe8
37.Qa7 Nxg3 38.fxg3 Bxe5 39.dxe5 Qb5 40.Qc7 Kg7 41.Kh2 h6 42.Qc3 Qb6 43.Qf3 Qd4
44.Qf6+ Kg8 45.Qf4 Qxf4 46.gxf4 Kf8 47.Kg3 Ke7 48.Kf3 Kd7 49.Ke4 Kc6 50.Kd4 Kb5
51.Kc3 h5 52.h4  1/2-1/2

[Event "21st OIBM 2017"]
[Site "Tegernsee GER"]
[Date "2017.11.04"]
[Round "8.21"]
[White "Andersson,U"]
[Black "Fischer,And"]
[Result "1-0"]
[WhiteElo "2523"]
[BlackElo "2259"]

1.Nf3 c5 2.c4 Nc6 3.Nc3 g6 4.e3 Nf6 5.d4 cxd4 6.exd4 d5 7.cxd5 Nxd5 8.Qb3 e6
9.Bb5 Bg7 10.Nxd5 Qxd5 11.Qxd5 exd5 12.O-O O-O 13.Bxc6 bxc6 14.Bf4 Bg4 15.Ne5 Bxe5
16.Bxe5 f6 17.Bd6 Rfe8 18.f3 Bd7 19.Rf2 a5 20.Rd2 a4 21.Rc1 Re6 22.Bg3 Ra5
23.Rc3 Rb5 24.Kf2 Kf7 25.h4 Rb4 26.Rc5 Rb5 27.Bf4 Be8 28.Rdc2 Rb4 29.Rd2 Rb5
30.Rc3 Rb4 31.g4 Bd7 32.Rc5 Rb5 33.Rdc2 Rb4 34.Rd2 Rb5 35.Rc1 Rb4 36.Kg3 Bc8
37.Rc3 Bd7 38.Rc5 Rb5 39.Kf2 Be8 40.Rdc2 Rb4 41.Rd2 Rb5 42.Rcc2 Bd7 43.Rd3 Be8
44.Bd2 Re7 45.a3 Re6 46.Bb4 Bd7 47.b3 axb3 48.Rxb3 Rb8 49.Rbb2 Ree8 50.Bc5 h5
51.gxh5 gxh5 52.a4 Bf5 53.Rd2 Rxb2 54.Rxb2 Ra8 55.Ra2 Bd3 56.a5 Ba6 57.Ra3 Rb8
58.Kg3 Rg8+ 59.Kf4 Rb8 60.Bd6 Rd8 61.Bc7 Rc8 62.Bb6 Re8 63.Rc3 Bb5 64.Rc1 Ra8
65.Rc2 Rc8 66.Rf2 Ba6 67.Ke3 Rg8 68.Kf4 Rc8 69.Rg2 Rg8 70.Rxg8 Kxg8  1-0

[Event "2nd Marcel Duchamp Cup"]
[Site "Montevideo URU"]
[Date "2018.02.02"]
[Round "1.3"]
[White "Vazquez,Facundo"]
[Black "Andersson,U"]
[Result "1/2-1/2"]
[WhiteElo "1883"]
[BlackElo "2523"]

1.d4 Nf6 2.c4 e6 3.Nf3 Bb4+ 4.Bd2 Qe7 5.g3 Nc6 6.Bg2 Bxd2+ 7.Nbxd2 d6 8.O-O O-O
9.e4 e5 10.d5 Nb8 11.b4 a5 12.a3 axb4 13.axb4 Rxa1 14.Qxa1 Na6 15.Qc3 c5
16.dxc6 bxc6 17.c5 dxc5 18.bxc5 Re8 19.Rc1 Bg4 20.Ne1 Be2 21.Nc2 g6 22.Ne3 Nc7
23.Qb4 Bb5 24.Nb3 Ra8 25.Qc3 Ra4 26.f3 h5 27.Rd1 Ra2 28.Rd2 Rxd2 29.Qxd2 Kf8
30.Qc3 Ba4 31.Na5 Na6 32.Nac4 Nd7 33.f4 Naxc5 34.fxe5 Kg8 35.Qd4 Bb5 36.Bh3 Nf8
37.Qd6 Qa7 38.Qd4 Qe7 39.Qd6 Qa7 40.Qd4 Bxc4 41.Nxc4 Qe7 42.Qd6 Qa7 43.Qd4 Qe7
44.Qd6 Qxd6 45.exd6 f6 46.Na5 Kf7 47.Nxc6 Ke8 48.e5 Nb7 49.exf6 Nxd6 50.Ne5 Nf7
51.Nf3 Nh7 52.Nh4 g5 53.Nf5 Nxf6 54.Bf1 Ne5 55.Be2 Kf7 56.h3 Kg6 57.Ne7+ Kf7
58.Nf5 Ng6 59.Bc4+ Kf8 60.Be2 Ne7 61.Nd4 Kf7 62.Bc4+ Nfd5 63.Bxd5+ Nxd5 64.Kf2 Kf6
65.Kf3 Nc3 66.Ne2 Nxe2 67.Kxe2 Ke6 68.Kd3 Kd5 69.h4 g4 70.Ke3 Ke5 71.Kd3 Kd5
72.Ke3 Kc5 73.Kf4 Kd4 74.Kg5 Ke3 75.Kxh5 Kf3 76.Kg5 Kxg3 77.h5 Kf3 78.h6 g3
79.h7 g2 80.h8=Q g1=Q+ 81.Kf5 Qc5+ 82.Kg6 Qc2+ 83.Kg7 Qc3+ 84.Kg8 Qxh8+ 85.Kxh8 Ke4  1/2-1/2

[Event "2nd Marcel Duchamp Cup"]
[Site "Montevideo URU"]
[Date "2018.02.03"]
[Round "3.21"]
[White "Andersson,U"]
[Black "Dotta,Gian Franco"]
[Result "1-0"]
[WhiteElo "2523"]
[BlackElo "1886"]

1.Nf3 Nf6 2.c4 g6 3.g3 Bg7 4.Bg2 O-O 5.O-O c5 6.d4 cxd4 7.Nxd4 Nc6 8.Nc3 Nxd4
9.Qxd4 d6 10.Bd2 a6 11.Rac1 Rb8 12.Qa7 Bf5 13.c5 Ne8 14.Bf4 Bd4 15.Na4 Bd7
16.Rfd1 e5 17.Nb6 Bf5 18.Rxd4 exd4 19.h4 Kg7 20.Rd1 Qc7 21.Nd5 Qd8 22.cxd6 Nxd6
23.Qxd4+ f6 24.Nxf6 Rxf6 25.Bxd6 Qxd6 26.Qxd6 Rxd6 27.Rxd6 b6 28.e4 Bc8 29.Rd8  1-0

[Event "2nd Marcel Duchamp Cup"]
[Site "Montevideo URU"]
[Date "2018.02.04"]
[Round "5.19"]
[White "Durante,A"]
[Black "Andersson,U"]
[Result "0-1"]
[WhiteElo "2047"]
[BlackElo "2523"]

1.e4 c5 2.d3 Nc6 3.Nf3 g6 4.g3 Bg7 5.Bg2 Nf6 6.O-O O-O 7.c3 d6 8.h3 c4 9.Re1 cxd3
10.Qxd3 Qc7 11.Na3 a6 12.Be3 b5 13.Nd4 Ne5 14.Qe2 Bb7 15.Bd2 Ned7 16.Nb3 Rac8
17.Rac1 d5 18.exd5 Bxd5 19.Bxd5 Nxd5 20.c4 bxc4 21.Rxc4 Qb7 22.Bc1 e6 23.Ra4 Nb8
24.Qe4 Rc7 25.Na5 Qc8 26.Rc4 Nc6 27.Nxc6 Rxc6 28.b3 h5 29.Bd2 Rd8 30.Ba5 Rd7
31.Rec1 Rxc4 32.Rxc4 Qb7 33.Qc2 Ne7 34.Bd2 Qd5 35.Nb1 Nf5 36.Rc5 Qf3 37.Rxf5 Qxf5
38.Qc8+ Kh7 39.Qxd7 Qxb1+ 40.Kg2 Qxa2 41.Be3 Qxb3 42.Qxf7 a5 43.Qa7 a4 44.Bc5 Qc3
45.Bf8 Qd4 46.Qc7 Qe5 47.Qa7 Qd4 48.Qc7 Kg8 49.Bxg7 Qxg7 50.Qc8+ Kh7 51.Qxe6 Qb7+
52.Kh2 a3 53.Qe2 Qf7 54.h4 a2 55.Qb2 Qa7  0-1

[Event "2nd Marcel Duchamp Cup"]
[Site "Montevideo URU"]
[Date "2018.02.05"]
[Round "6.9"]
[White "Andersson,U"]
[Black "Palencia,W"]
[Result "1-0"]
[WhiteElo "2523"]
[BlackElo "2244"]

1.Nf3 f5 2.g3 Nf6 3.Bg2 g6 4.O-O Bg7 5.c4 O-O 6.Nc3 d6 7.d4 Nc6 8.d5 Na5
9.Qd3 e5 10.dxe6 Bxe6 11.b3 Nc6 12.Bb2 h6 13.Rac1 Qe7 14.Nd4 Nxd4 15.Qxd4 c6
16.Rfd1 Rfd8 17.Qe3 Qf7 18.Rc2 Re8 19.Qc1 Rad8 20.Rcd2 d5 21.cxd5 cxd5 22.Nb5 a6
23.Nc7 Re7 24.Nxe6 Qxe6 25.Bxf6 Qxf6 26.Bxd5+ Kh7 27.Bf3 Rxd2 28.Qxd2 h5
29.h4 Qf7 30.Kg2 Be5 31.e3 Rc7 32.Qd8 Bf6 33.Qd3 Be5 34.Rd2 Kh6 35.Qd8 Bf6
36.Qd6 Qe7 37.Qb6 Be5 38.b4 Qf7 39.b5 axb5 40.Qxb5 Qe7 41.a4 Bf6 42.Qb3 Be5
43.Rd5 Rc3 44.Qb5 Bd6 45.Qb6 Bc5 46.Qb2 Qg7 47.a5 Bf8 48.Rb5 Ra3 49.Qd2 Qc3
50.Qd8 Bg7 51.Qg5+ Kh7 52.Rb6  1-0

[Event "2nd Marcel Duchamp Cup"]
[Site "Montevideo URU"]
[Date "2018.02.07"]
[Round "8.13"]
[White "Andersson,U"]
[Black "Zuriel,M"]
[Result "1-0"]
[WhiteElo "2523"]
[BlackElo "2155"]

1.Nf3 Nf6 2.c4 c5 3.g3 b6 4.Bg2 Bb7 5.O-O g6 6.d4 cxd4 7.Qxd4 Bg7 8.Nc3 O-O
9.Qh4 Na6 10.Rd1 Nc7 11.Bh6 d6 12.Rac1 Rc8 13.Bh3 Rb8 14.Ng5 Qe8 15.b3 Qc6
16.e4 Qc5 17.Nd5 Ncxd5 18.cxd5 Qa3 19.Rc7 Bc8 20.Bxg7 Kxg7 21.Bxc8 Rbxc8
22.Rxe7 Kg8 23.Qf4 Qb2 24.Rf1 Nh5 25.Qxd6 Rc1 26.h4 Ng7 27.Rxc1 Qxc1+ 28.Kg2 Qb2
29.Rxa7 Qe2 30.Qe7 Nh5 31.Nf3 Ng7 32.a4 Qb2 33.Ng5  1-0

[Event "2nd Marcel Duchamp Cup"]
[Site "Montevideo URU"]
[Date "2018.02.08"]
[Round "9.7"]
[White "Kimelman,Gabriel"]
[Black "Andersson,U"]
[Result "0-1"]
[WhiteElo "2209"]
[BlackElo "2523"]

1.c4 c5 2.g3 g6 3.Bg2 Bg7 4.Nc3 Nf6 5.Nf3 d5 6.d4 cxd4 7.Nxd4 e5 8.Nb3 d4
9.Nd5 Nxd5 10.cxd5 O-O 11.e3 a5 12.a4 Qb6 13.O-O Na6 14.exd4 exd4 15.Bf4 Bf5
16.Rc1 Rac8 17.Qf3 Bc2 18.Nd2 d3 19.Ne4 Qxb2 20.d6 h6 21.d7 Rcd8 22.Bd6 Rxd7
23.Bxf8 Kxf8 24.Nd2 Qb4 25.Bh3 Re7 26.Rxc2 dxc2 27.Qd3 Qc3 28.Qd8+ Re8 29.Qd6+ Kg8
30.Rc1 Qb2  0-1

[Event "11th OGD Prinsenstad 2018"]
[Site "Delft NED"]
[Date "2018.03.30"]
[Round "1.1"]
[White "Voogt,Bob"]
[Black "Andersson,U"]
[Result "0-1"]
[WhiteElo "2123"]
[BlackElo "2528"]

1.e4 c5 2.Nf3 g6 3.d4 Bg7 4.Nc3 cxd4 5.Nxd4 Nc6 6.Be3 Nf6 7.Be2 O-O 8.O-O d6
9.Nb3 b6 10.Qd2 Bb7 11.f3 Rc8 12.a4 Nd7 13.Bh6 Nc5 14.Bxg7 Kxg7 15.Nxc5 dxc5
16.Rfd1 Qd4+ 17.Kh1 Rfd8 18.Qc1 Qe5 19.Nb5 Rxd1+ 20.Bxd1 Rd8 21.c3 Ba6 22.Bc2 Bxb5
23.axb5 Na5 24.f4 Qe6 25.b4 Nb3 26.Bxb3 Qxb3 27.bxc5 bxc5 28.c4 Rd4 29.Qe1 Qxc4
30.Rxa7 Rxe4 31.Qa1+ Kh6 32.Ra3 f6 33.Rf3 Qxb5 34.g4 Qe2 35.g5+ Kg7 36.gxf6+ exf6
37.Rf1 Ra4 38.Qb1 Ra2  0-1

[Event "11th OGD Prinsenstad 2018"]
[Site "Delft NED"]
[Date "2018.03.31"]
[Round "2.1"]
[White "Andersson,U"]
[Black "Lopez,Ja"]
[Result "1-0"]
[WhiteElo "2528"]
[BlackElo "2333"]

1.Nf3 f5 2.g3 Nf6 3.Bg2 g6 4.O-O Bg7 5.c4 O-O 6.Nc3 d6 7.d4 Qe8 8.d5 Na6
9.Rb1 c6 10.b3 Nc5 11.Bb2 a5 12.a3 Nfe4 13.Nxe4 Nxe4 14.Bxg7 Kxg7 15.Qd4+ Kg8
16.Nd2 c5 17.Qd3 Nxd2 18.Qxd2 b5 19.b4 cxb4 20.axb4 bxc4 21.bxa5 Qa4 22.Ra1 Qb5
23.Rfc1 Qc5 24.h4 Bb7 25.Rab1 Ra7 26.h5 Ba8 27.hxg6 hxg6 28.Qh6 Bxd5 29.Qxg6+ Kh8
30.Qh6+ Kg8 31.Qg5+ Kh8 32.Qh4+ Kg8 33.Bxd5+ Qxd5 34.Rxc4 e5 35.Rcb4 Rh7
36.Qg5+ Rg7 37.Qh5 Rh7 38.Qg5+ Rg7 39.Qe3 Rh7 40.Rh4 f4 41.Qb3 Qxb3 42.Rxb3 Rxh4
43.gxh4 Ra8 44.Ra3 Kf7 45.a6 Kg6 46.Kg2 Ra7 47.Kh3 Kf5 48.Ra4 d5 49.f3 e4
50.fxe4+ dxe4 51.Ra5+ Kf6 52.Kg4 f3 53.exf3 e3 54.Kg3 Rg7+ 55.Kf4 e2 56.Rf5+ Kg6
57.Re5 Ra7 58.Rxe2 Rxa6 59.Kg4 Ra1 60.Re6+ Kf7 61.Rc6 Ra4+ 62.f4 Ra1 63.Kg5 Rg1+
64.Kf5 Rh1 65.Rc7+ Kg8 66.h5 Ra1 67.Kg5 Kf8 68.h6 Kg8 69.f5 Ra6 70.Rg7+ Kh8
71.Re7 Kg8 72.f6 Ra1 73.h7+ Kh8 74.f7 Rg1+ 75.Kf6 Rf1+ 76.Ke6 Re1+ 77.Kd7 Rd1+
78.Ke8 Rf1 79.Re2 Kg7 80.h8=Q+  1-0

[Event "11th OGD Prinsenstad 2018"]
[Site "Delft NED"]
[Date "2018.03.31"]
[Round "3.1"]
[White "Van Haastert,E"]
[Black "Andersson,U"]
[Result "1/2-1/2"]
[WhiteElo "2441"]
[BlackElo "2528"]

1.e4 c5 2.Nf3 g6 3.d4 Bg7 4.c4 cxd4 5.Nxd4 Nc6 6.Be3 Nf6 7.Nc3 O-O 8.Be2 d6
9.O-O Bd7 10.Nc2 a6 11.f3 Rc8 12.Qd2 Ne5 13.b3 b5 14.cxb5 Qc7 15.Bd4 Nxf3+
16.Bxf3 e5 17.b6 Qb7 18.Bf2 Qc6  1/2-1/2

[Event "11th OGD Prinsenstad 2018"]
[Site "Delft NED"]
[Date "2018.03.31"]
[Round "4.1"]
[White "Andersson,U"]
[Black "Haast,M"]
[Result "1-0"]
[WhiteElo "2528"]
[BlackElo "2331"]

1.Nf3 Nf6 2.c4 e6 3.g3 d5 4.d4 Bb4+ 5.Bd2 Be7 6.Bg2 O-O 7.O-O dxc4 8.Qc2 a6
9.Qxc4 b5 10.Qc2 Bb7 11.Rd1 Be4 12.Qc1 Nbd7 13.Ba5 Ra7 14.Nbd2 Ba8 15.Qc2 Qb8
16.b4 Nd5 17.a3 N5b6 18.Rac1 Rc8 19.e4 h6 20.Qd3 Rd8 21.Qe3 Bd6 22.Rc2 Kh8
23.Rdc1 Nf6 24.h3 Kg8 25.Kh2 Nfd7 26.Kg1 Nf6 27.Kh1 Nfd7 28.Kh2 Nf6 29.Qe2 Nfd7
30.Qe3 Nf6 31.Ne1 Bf8 32.Nd3 Nfd7 33.Nc5 Nf6 34.Rc3 Ne8 35.Nd3 Bd6 36.Ne5 Bxe5
37.dxe5 Rb7 38.Bf1 Qa7 39.Rd3 Rbb8 40.Nb3 Rxd3 41.Bxd3 Rd8 42.Be2 Bb7 43.f3 Bc8
44.Kg2 Qb8 45.Kf2 Qa7 46.Rc2 Qb8 47.Nc5 Nd7 48.Nd3 Nb6 49.Nc5 Qa7 50.Nb3 Qb8
51.h4 Qa7 52.h5 Qb8 53.Rc1 Na4 54.Rc2 Nb6 55.g4 Qa7 56.Kg2 f6 57.Qc5 fxe5
58.Qe7  1-0

[Event "11th OGD Prinsenstad 2018"]
[Site "Delft NED"]
[Date "2018.04.01"]
[Round "5.1"]
[White "Meng,R"]
[Black "Andersson,U"]
[Result "1/2-1/2"]
[WhiteElo "2415"]
[BlackElo "2528"]

1.d4 Nf6 2.Nf3 e6 3.c4 Bb4+ 4.Nbd2 b6 5.a3 Bxd2+ 6.Qxd2 O-O 7.e3 d5 8.b3 Bb7
9.Be2 Nbd7 10.O-O dxc4 11.bxc4 c5 12.Bb2 Rc8  1/2-1/2

[Event "11th OGD Prinsenstad 2018"]
[Site "Delft NED"]
[Date "2018.04.01"]
[Round "6.1"]
[White "Andersson,U"]
[Black "Leenhouts,K"]
[Result "1/2-1/2"]
[WhiteElo "2528"]
[BlackElo "2488"]

1.Nf3 Nf6 2.c4 g6 3.g3 Bg7 4.Bg2 O-O 5.O-O d5 6.d4 dxc4 7.Na3 c3 8.bxc3 c5
9.Bb2 Nc6 10.e3 Bd7 11.h3  1/2-1/2

[Event "22nd OIBM 2018"]
[Site "Tegernsee GER"]
[Date "2018.10.27"]
[Round "1.20"]
[White "Astengo,C"]
[Black "Andersson,U"]
[Result "0-1"]
[WhiteElo "2114"]
[BlackElo "2530"]

1.e4 e6 2.d4 d5 3.Nd2 c5 4.exd5 Qxd5 5.Ngf3 cxd4 6.Bc4 Qd6 7.O-O Nf6 8.Nb3 Nc6
9.Nbxd4 Nxd4 10.Qxd4 Qxd4 11.Nxd4 Bd7 12.h3 Rc8 13.Bb3 Bc5 14.Be3 O-O 15.Rfe1 Rfd8
16.Rad1 Bb6 17.c3 Kf8 18.Nc2 Bxe3 19.Nxe3 Bc6 20.Kf1 g6 21.Ke2 Ke7 22.h4 Nd7
23.Bc2 h6 24.f3 Ne5 25.Rxd8 Rxd8 26.Rd1 Rg8 27.Kf2 g5 28.Rd4 Rc8 29.Nc4 Nd7
30.Na5 Ne5 31.Nc4 Nxc4 32.Rxc4 Rd8 33.Ke3 f5 34.hxg5 hxg5 35.Rd4 f4+ 36.Kd3 Rh8
37.Ke2 e5 38.Rd2 g4 39.Be4 Bxe4 40.fxe4 Rh2 41.Kf2 Rh1 42.Rd5 Ke6 43.Rb5 b6
44.a4 Ra1 45.Rb4 Kf6 46.Ke2 Rc1 47.Rb5 f3+ 48.gxf3 g3  0-1

[Event "22nd OIBM 2018"]
[Site "Tegernsee GER"]
[Date "2018.10.28"]
[Round "2.18"]
[White "Andersson,U"]
[Black "Sieglen,J"]
[Result "1-0"]
[WhiteElo "2530"]
[BlackElo "2208"]

1.Nf3 d5 2.d4 Nf6 3.c4 c6 4.cxd5 cxd5 5.Nc3 Nc6 6.Bf4 e6 7.e3 Bd6 8.Bxd6 Qxd6
9.Bd3 O-O 10.O-O a6 11.Rc1 e5 12.dxe5 Nxe5 13.Be2 Be6 14.Qd4 Nc6 15.Qd2 Rfd8
16.Rfd1 Qe7 17.Nd4 Ne5 18.Qe1 Bd7 19.Nf3 Bg4 20.Nxe5 Qxe5 21.Rd4 Bxe2 22.Qxe2 Rd7
23.Rcd1 Rad8 24.h3 h6 25.R1d2 Qc7 26.Qd1 Qc6 27.R2d3 Qe6 28.Qb3 Rc8 29.Nxd5 Nxd5
30.Rxd5 Rxd5 31.Rxd5 Rc1+ 32.Kh2 Kh7 33.Qd3+ g6 34.Qd4 Rc8 35.b3 Re8 36.Rd6  1-0

[Event "22nd OIBM 2018"]
[Site "Tegernsee GER"]
[Date "2018.10.30"]
[Round "4.22"]
[White "Engel,Jo"]
[Black "Andersson,U"]
[Result "0-1"]
[WhiteElo "2165"]
[BlackElo "2530"]

1.d4 Nf6 2.c4 e6 3.Nc3 Bb4 4.Qc2 c5 5.e3 O-O 6.Bd3 d5 7.Nf3 Nc6 8.a3 cxd4
9.exd4 dxc4 10.Be2 Bxc3+ 11.bxc3 b6 12.O-O Bb7 13.Bxc4 h6 14.Qe2 Rc8 15.Bd2 Na5
16.Ba2 Bd5 17.c4 Bxc4 18.Bxc4 Nxc4 19.Bb4 Re8 20.Rac1 Qd5 21.Ne5 Nd6 22.Qa6 Rxc1
23.Rxc1 Qxd4 24.Re1 Nde4 25.Nc6 Qxf2+ 26.Kh1 Nc5 27.Qb5 a6 28.Qxb6 Nd3 29.Qxf2 Nxf2+
30.Kg1 Nd3 31.Ra1 Nd5 32.Bd6 Rc8  0-1

[Event "22nd OIBM 2018"]
[Site "Tegernsee GER"]
[Date "2018.10.31"]
[Round "5.16"]
[White "Andersson,U"]
[Black "Schuster,K"]
[Result "1/2-1/2"]
[WhiteElo "2530"]
[BlackElo "2283"]

1.Nf3 d5 2.d4 Nf6 3.c4 c6 4.Qc2 dxc4 5.Qxc4 Bf5 6.g3 e6 7.Bg2 Be7 8.O-O O-O
9.e3 Nbd7 10.Qe2 Ne4 11.Rd1  1/2-1/2

[Event "22nd OIBM 2018"]
[Site "Tegernsee GER"]
[Date "2018.11.02"]
[Round "7.49"]
[White "Yi,Danny"]
[Black "Andersson,U"]
[Result "1/2-1/2"]
[WhiteElo "2092"]
[BlackElo "2530"]

1.e4 c5 2.Ne2 Nc6 3.Nbc3 g6 4.g3 Bg7 5.Bg2 e6 6.O-O Nge7 7.d3 O-O 8.f4 d6
9.g4 f5 10.Ng3 Nd4 11.g5 Qc7 12.Nce2 Bd7 13.c3 Ndc6 14.h4 Rae8 15.h5 Rf7
16.Bf3 b6  1/2-1/2

[Event "22nd OIBM 2018"]
[Site "Tegernsee GER"]
[Date "2018.11.03"]
[Round "8.54"]
[White "Andersson,U"]
[Black "Baeuml,U"]
[Result "1/2-1/2"]
[WhiteElo "2530"]
[BlackElo "2088"]

1.Nf3 Nf6 2.c4 b6 3.g3 Bb7 4.Bg2 c5 5.O-O g6 6.d4 cxd4 7.Qxd4 Bg7 8.Nc3 O-O
9.Qh4 Qc8 10.Rd1 d6 11.Bg5 Nbd7 12.Rac1 Re8 13.b3 Bc6 14.Bh6 Bh8 15.Be3 Qb7
16.Nd5 h5 17.Nd4 Bxd5 18.cxd5 Ng4 19.Bg5 Bxd4 20.Rxd4 Qa6 21.h3  1/2-1/2

[Event "FishPartners Open 2019"]
[Site "Spakenburg  NED"]
[Date "2019.06.29"]
[Round "1.7"]
[White "Andersson,U"]
[Black "Cardon,Emile"]
[Result "1/2-1/2"]
[WhiteElo "2518"]
[BlackElo "1934"]

1.d4 d5 2.c4 c6 3.Nf3 Nf6 4.cxd5 cxd5 5.Nc3 e6 6.Bg5 Be7 7.e3 O-O 8.Bd3 Nc6
9.O-O h6 10.Bh4 Ne4 11.Bxe7 Nxc3 12.Bxd8 Nxd1 13.Rfxd1 Rxd8 14.Rac1 Bd7 15.Kf1 Rac8
16.Ke1 Kf8 17.a3 Ke7 18.Rc3 Na5 19.Rdc1 Rxc3 20.Rxc3 Rc8 21.Rxc8 Bxc8 22.Nd2 Nc6
23.f4 f6 24.Nf3 Kd6 25.Kd2 Nb8  1/2-1/2

[Event "Rilton Masters vs Juniors"]
[Site "chess.com INT"]
[Date "2020.12.27"]
[Round "1.2"]
[White "Storme,Isak"]
[Black "Andersson,U"]
[Result "1/2-1/2"]
[WhiteElo "2392"]
[BlackElo "2516"]

1.e4 c5 2.Nf3 Nc6 3.d4 cxd4 4.Nxd4 Nf6 5.Nc3 e5 6.Ndb5 h6 7.Nd5 Nxd5 8.exd5 a6
9.dxc6 axb5 10.cxd7+ Bxd7 11.Bd3 Bc6 12.Qe2 Qd5 13.f3 Bc5 14.Be3 Bxe3 15.Qxe3 O-O
16.O-O Rfd8 17.Rfd1 Qe6 18.a3 Qe7 19.Qb6 Rd5 20.Be4 Qc5+ 21.Qxc5 Rxc5 22.Bxc6 bxc6
23.c3 Rd5 24.Kf2 Kf8 25.Ke3 Ke7 26.f4 exf4+ 27.Kxf4 Kd6 28.Rxd5+ Kxd5 29.Rd1+ Ke6
30.Ke4 h5 31.Kf4 Ra4+ 32.Ke3 Rg4 33.g3 h4 34.Kf3 f5 35.Rd8 hxg3 36.hxg3 Ra4
37.Rc8 Rc4 38.Rg8 Kf6 39.Rf8+ Ke6 40.Rg8 Kf6 41.Rf8+ Ke6 42.Rg8  1/2-1/2

[Event "Rilton Masters vs Juniors"]
[Site "chess.com INT"]
[Date "2020.12.27"]
[Round "1.1"]
[White "Andersson,U"]
[Black "Storme,Isak"]
[Result "0-1"]
[WhiteElo "2516"]
[BlackElo "2392"]

1.d4 Nf6 2.Nf3 d5 3.c4 e6 4.g3 Bb4+ 5.Bd2 Be7 6.Bg2 O-O 7.O-O c6 8.Qb3 a5
9.Bf4 Nh5 10.Be3 f5 11.Nc3 Nd7 12.a3 Nb6 13.Ne5 a4 14.Qa2 f4 15.Bd2 dxc4
16.Nxc4 Qxd4 17.Nxb6 Qxb6 18.Ne4 Kh8 19.Bc3 Nf6 20.Nxf6 Bxf6 21.Bxf6 Rxf6
22.Rad1 e5 23.Qc4 Be6 24.Qc3 Raf8 25.Qxe5 fxg3 26.hxg3 Rxf2 27.Kh1 Rxf1+
28.Rxf1 Rxf1+ 29.Bxf1 Bd5+ 30.Bg2 Qd8 31.Qf4 Bxg2+ 32.Kxg2 h6 33.Qxa4 Qd5+  0-1

[Event "Rilton Masters vs Juniors"]
[Site "chess.com INT"]
[Date "2020.12.27"]
[Round "1.4"]
[White "Storme,Isak"]
[Black "Andersson,U"]
[Result "1/2-1/2"]
[WhiteElo "2392"]
[BlackElo "2516"]

1.d4 Nf6 2.c4 e6 3.Nf3 Bb4+ 4.Bd2 Qe7 5.g3 Nc6 6.Bg2 Bxd2+ 7.Qxd2 Ne4 8.Qc2 Qb4+
9.Kf1 d5 10.e3 Qxc4+ 11.Qxc4 dxc4 12.Nbd2 Nxd2+ 13.Nxd2 Bd7 14.Nxc4 O-O-O
15.Ke2 Kb8 16.Rhc1 f6 17.Rab1 Ne7 18.f4 h6 19.Na5 b6 20.Nc6+ Nxc6 21.Bxc6 Bxc6
22.Rxc6 Rd6 23.Rbc1 Rxc6 24.Rxc6 Re8 25.b4 Kb7 26.b5 a6 27.a4 axb5 28.axb5 Kc8
29.Kf3 Kd7 30.Kg4 g6 31.e4 Ra8 32.d5 f5+ 33.Kh4 exd5 34.exd5 Ra5 35.d6 cxd6
36.Rxb6 Ke6 37.Rb8 Ra2 38.h3 Rb2 39.Rg8 Kf7 40.Rd8 Rxb5 41.Rxd6 Kg7 42.Rd7+ Kf6
43.Rd6+ Kg7 44.Rd7+ Kf6 45.Rd6+ Kg7  1/2-1/2

[Event "Rilton Masters vs Juniors"]
[Site "chess.com INT"]
[Date "2020.12.27"]
[Round "1.3"]
[White "Andersson,U"]
[Black "Storme,Isak"]
[Result "1/2-1/2"]
[WhiteElo "2516"]
[BlackElo "2392"]

1.d4 Nf6 2.Nf3 d5 3.c4 e6 4.g3 Bb4+ 5.Bd2 Be7 6.Bg2 O-O 7.O-O c6 8.Qc2 b6
9.Rc1 Nbd7 10.cxd5 cxd5 11.Bf4 Ba6 12.Nc3 Qc8 13.Qd1 Qb7 14.a4 Rac8 15.Ne5 Nxe5
16.Bxe5 Rfd8 17.Bxf6 Bxf6 18.e3 Rc7 19.Nb5 Bxb5 20.axb5 Rdc8 21.Bf1 g6 22.Rxc7 Rxc7
23.Rc1 Qc8 24.Rxc7 Qxc7 25.Bd3 Kf8 26.Kf1 h5 27.h4 Kg7 28.Qc2 Qxc2 29.Bxc2 Be7
30.Ke2 f5 31.f4 Kf6 32.Bd3 Bd6 33.Bc2 Bf8 34.Bd3 Bd6 35.Bc2 Bf8 36.Bd3 Bd6  1/2-1/2

[Event "FishPartners Open 2022"]
[Site "Spakenburg  NED"]
[Date "2022.07.02"]
[Round "3.8"]
[White "Andersson,U"]
[Black "Van Diermen,A"]
[Result "1-0"]
[WhiteElo "2516"]
[BlackElo "1908"]

1.d4 g6 2.c4 d6 3.Nc3 Bg7 4.Nf3 Nf6 5.g3 O-O 6.Bg2 c6 7.O-O Nbd7 8.e4 e5
9.h3 Qe7 10.Re1 a6 11.b3 Rb8 12.Ba3 c5 13.dxc5 dxc5 14.Rc1 b6 15.Nd5 Nxd5
16.cxd5 Qd6 17.Nd2 b5 18.Qc2 b4 19.Bb2 f5 20.Nc4 Qe7 21.exf5 gxf5 22.Nxe5 Nxe5
23.f4 Bb7 24.Bxe5 Bxe5 25.Rxe5 Qf6 26.Qxc5 Rbc8 27.Qe3 Rxc1+ 28.Qxc1 Qb6+
29.Kh2 Kg7 30.Re6 Qd8 31.Qc5 Rf7 32.Qd4+ Kg8 33.Qe5 Bc8 34.Re8+  1-0

[Event "FishPartners Open 2022"]
[Site "Spakenburg  NED"]
[Date "2022.07.02"]
[Round "7.3"]
[White "Andersson,U"]
[Black "Roebers,J"]
[Result "1-0"]
[WhiteElo "2516"]
[BlackElo "2093"]

1.d4 Nf6 2.c4 g6 3.g3 Bg7 4.Bg2 O-O 5.Nc3 d6 6.Nf3 Nc6 7.d5 Na5 8.b3 c5 9.Bb2 a6
10.O-O Rb8 11.Nd2 b5 12.Qc2 bxc4 13.bxc4 Ng4 14.Nd1 Ne5 15.Rb1 Bf5 16.e4 Bg4
17.f4 Bxd1 18.Rfxd1 Rxb2 19.Rxb2 Ng4 20.Nf1 Nxc4 21.Rb3 Na5 22.Rbb1 Bd4+
23.Rxd4 cxd4 24.Qd3 Qc7 25.Qxd4 Rc8 26.Bh3 h5 27.Bxg4 hxg4 28.Ne3 Qc3 29.Qxc3 Rxc3
30.Nxg4 Rc2 31.Rb6 Nc4 32.Rxa6 f5 33.exf5 gxf5 34.Nh6+ Kg7 35.Nxf5+ Kf6 36.g4 Nd2
37.Kf2 Ne4+ 38.Kf3 Nd2+ 39.Ke2 Nb1+ 40.Kd3 Rxh2 41.Ra8 Rd2+ 42.Ke3 Kf7 43.Rb8 Rd1
44.Rb7 Nc3 45.Nxe7 Ke8 46.g5 Na4 47.Nf5 Nc5 48.Nxd6+ Kd8 49.Nf7+ Ke8 50.Nd6+ Kd8
51.Rb5 Rxd5 52.g6 Rxd6 53.g7 Rg6 54.Rb8+ Kd7  1-0

[Event "IV Duchamp Int Open 2022"]
[Site "Rio de Janeiro BRA"]
[Date "2022.12.07"]
[Round "1.4"]
[White "Martins de Aguiar,Marina"]
[Black "Andersson,U"]
[Result "0-1"]
[WhiteElo "1877"]
[BlackElo "2519"]

1.e4 e6 2.d4 d5 3.Nd2 a6 4.Bd3 c5 5.dxc5 Bxc5 6.Ngf3 Nc6 7.O-O Nge7 8.Nb3 Ba7
9.c3 dxe4 10.Bxe4 Qxd1 11.Rxd1 Bd7 12.Bf4 O-O-O 13.Nbd2 f6 14.Nc4 e5 15.Be3 Bxe3
16.Nxe3 Be6 17.Nd2 Kc7 18.b4 f5 19.Bc2 g6 20.Nb3 b6 21.Bd3 a5 22.bxa5 Nxa5
23.Nxa5 bxa5 24.Bc4 Bxc4 25.Nxc4 Nc6 26.Ne3 Kb6 27.Kf1 Kc5 28.Ke2 e4 29.a4 Rxd1
30.Rxd1 Rd8 31.Rb1 Rb8 32.Rd1 Rb2+ 33.Rd2 Rxd2+ 34.Kxd2 Ne5 35.Kc2 f4 36.Nd1 Nc4
37.h4 h6 38.g3 g5 39.h5 Kd5 40.gxf4 gxf4 41.Nb2 Nxb2 42.Kxb2 e3  0-1

[Event "IV Duchamp Int Open 2022"]
[Site "Rio de Janeiro BRA"]
[Date "2022.12.08"]
[Round "2.4"]
[White "Andersson,U"]
[Black "Silva,Caio Henrique Angelico"]
[Result "1-0"]
[WhiteElo "2519"]
[BlackElo "2090"]

1.Nf3 Nf6 2.c4 g6 3.g3 c6 4.Bg2 Bg7 5.O-O d5 6.cxd5 cxd5 7.d4 O-O 8.Ne5 Ne4
9.Nd2 Nxd2 10.Bxd2 Nc6 11.Nxc6 bxc6 12.Bc3 a5 13.Qd2 Qb6 14.e3 Re8 15.Rfc1 Bf5
16.Re1 a4 17.Rac1 Rab8 18.h4 e5 19.dxe5 Bxe5 20.b3 axb3 21.axb3 Bxc3 22.Rxc3 Qa5
23.Rd1 Rec8 24.Rxc6 Qxd2 25.Rxc8+ Bxc8 26.Rxd2 Rxb3 27.Bxd5 Rb1+ 28.Kg2 Kg7
29.Kf3 h5 30.Kf4 Kf6 31.e4 Be6 32.Rd4 Rb2 33.f3 Rc2 34.Rb4 Re2 35.Rb6 Re1
36.Rb2 Bd7 37.Rb6+ Be6 38.Bxe6 fxe6 39.Rb5  1-0

[Event "IV Duchamp Int Open 2022"]
[Site "Rio de Janeiro BRA"]
[Date "2022.12.11"]
[Round "6.16"]
[White "Rothebarth,A"]
[Black "Andersson,U"]
[Result "0-1"]
[WhiteElo "1987"]
[BlackElo "2519"]

1.e4 d5 2.exd5 Qxd5 3.Nc3 Qa5 4.Nf3 Nf6 5.Be2 c6 6.O-O Bf5 7.b4 Qc7 8.Bb2 e6
9.b5 Be7 10.Nd4 Bg6 11.bxc6 Nxc6 12.Nxc6 bxc6 13.Bc4 O-O 14.d3 Bh5 15.Qe1 Ng4
16.f3 Ne5 17.Qc1 Nxc4 18.dxc4 Qa5 19.Re1 Bg6 20.Ne2 Qb4 21.Nf4 Qa4 22.Nxg6 hxg6
23.Ba3 c5 24.Qe3 Rfd8 25.Rab1 Rab8 26.Rxb8 Rxb8 27.Qe5 Rc8 28.Qb2 Qxc4 29.Kh1 Qd5
30.c4 Qc6 31.Rd1 Bf6 32.Qb3 Bd4 33.Rb1 Rf8 34.Qb5  0-1

[Event "IV Duchamp Int Open 2022"]
[Site "Rio de Janeiro BRA"]
[Date "2022.12.12"]
[Round "7.9"]
[White "Andersson,U"]
[Black "Rocha,VitorF"]
[Result "1-0"]
[WhiteElo "2519"]
[BlackElo "2192"]

1.Nf3 Nf6 2.c4 c5 3.g3 d5 4.cxd5 Nxd5 5.Bg2 Nc6 6.d4 cxd4 7.Nxd4 Ndb4 8.Nxc6 Qxd1+
9.Kxd1 Nxc6 10.Nc3 Bf5 11.Bxc6+ bxc6 12.Be3 e5 13.f3 Bb4 14.Rc1 f6 15.Ke1 Kf7
16.Kf2 Bxc3 17.Rxc3 Rhb8 18.b3 a5 19.Rxc6 a4 20.Rc7+ Kg8 21.Ba7 Rb5 22.g4 Be6
23.bxa4 Ra5 24.Be3 Bxa2 25.Rd1 Rd5 26.Rxd5 Bxd5 27.Rc5 Be6 28.a5 g5 29.Rc6 Kf7
30.a6 Bd5 31.Rd6 Be6 32.a7 h6 33.Bc5 e4 34.fxe4 Bxg4 35.Bd4 Be6 36.Rb6 Bd7
37.Rxf6+ Ke7 38.Rxh6 g4 39.Bc5+ Kf7 40.Ke3 Kg7 41.Rd6 Bb5 42.Rb6 Ba4 43.Rb7+ Kf6
44.Rb8 Bc6 45.Rb6  1-0